The case of the mummy mystery / (Record no. 4318)
[ view plain ]
| 000 -LEADER | |
|---|---|
| fixed length control field | 01199nam a22003613a 4500 |
| 001 - CONTROL NUMBER | |
| control field | 4318 |
| 003 - CONTROL NUMBER IDENTIFIER | |
| control field | FISKH |
| 005 - DATE AND TIME OF LATEST TRANSACTION | |
| control field | 20240717161058.0 |
| 008 - FIXED-LENGTH DATA ELEMENTS--GENERAL INFORMATION | |
| fixed length control field | 990823s1999 nyua 000 1 eng d |
| 010 ## - LIBRARY OF CONGRESS CONTROL NUMBER | |
| LC control number | 00514762 |
| 020 ## - INTERNATIONAL STANDARD BOOK NUMBER | |
| International Standard Book Number | 0439080940 (pbk.) : |
| 020 ## - INTERNATIONAL STANDARD BOOK NUMBER | |
| International Standard Book Number | 078073003990 |
| 035 ## - SYSTEM CONTROL NUMBER | |
| System control number | (OCoLC)ocm42208367 |
| 040 ## - CATALOGING SOURCE | |
| Original cataloging agency | JBL |
| Transcribing agency | JBL |
| Modifying agency | DLC |
| Language of cataloging | eng |
| 050 ## - LIBRARY OF CONGRESS CALL NUMBER | |
| Classification number | PZ7.P915 |
| 082 ## - DEWEY DECIMAL CLASSIFICATION NUMBER | |
| Classification number | 813.54 |
| 100 1# - MAIN ENTRY--PERSONAL NAME | |
| Personal name | Preller, James. |
| 245 14 - TITLE STATEMENT | |
| Title | The case of the mummy mystery / |
| Statement of responsibility, etc. | by James Preller ; illustrated by John Speirs ; cover illustration by R. W. Alley. |
| 260 ## - PUBLICATION, DISTRIBUTION, ETC. | |
| Place of publication, distribution, etc. | New York : |
| Name of publisher, distributor, etc. | Scholastic, |
| Date of publication, distribution, etc. | 1999. |
| 300 ## - PHYSICAL DESCRIPTION | |
| Extent | 74 pages : |
| Other physical details | illustrations ; |
| Dimensions | 20 cm |
| 490 1# - SERIES STATEMENT | |
| Series statement | Jigsaw Jones mystery ; |
| Volume/sequential designation | Book 6 |
| 500 ## - GENERAL NOTE | |
| General note | "A Little Apple paperback." |
| 505 ## - FORMATTED CONTENTS NOTE | |
| Formatted contents note | H<br/> |
| 520 ## - SUMMARY, ETC. | |
| Summary, etc. | Second-grade detectives Jigsaw, Mila, and their friends follow clues to learn if a mummy will really rise from the dead on Halloween. |
| 521 ## - TARGET AUDIENCE NOTE | |
| Target audience note | 440<br/> |
| Source | Lexile<br/> |
| 521 ## - TARGET AUDIENCE NOTE | |
| Target audience note | H<br/> |
| Source | Raz-Plus<br/> |
| 650 #0 - SUBJECT ADDED ENTRY--TOPICAL TERM | |
| Topical term or geographic name entry element | Mummies |
| Form subdivision | Fiction. |
| 655 #7 - INDEX TERM--GENRE/FORM | |
| Genre/form data or focus term | Children's stories. |
| Source of term | lcsh |
| 700 1# - ADDED ENTRY--PERSONAL NAME | |
| Personal name | Speirs, John. |
| Relator term | Illustrator |
| 906 ## - LOCAL DATA ELEMENT F, LDF (RLIN) | |
| a | 7 |
| b | cbc |
| c | copycat |
| d | 2 |
| e | ncip |
| f | 20 |
| g | y-genrareb |
| 942 ## - ADDED ENTRY ELEMENTS (KOHA) | |
| Source of classification or shelving scheme | Dewey Decimal Classification |
| Koha item type | Books |
| Suppress in OPAC | No |
| Withdrawn status | Lost status | Source of classification or shelving scheme | Damaged status | Not for loan | Collection | Home library | Current library | Shelving location | Date acquired | Total Checkouts | Full call number | Barcode | Date last seen | Date last checked out | Price effective from | Koha item type |
|---|---|---|---|---|---|---|---|---|---|---|---|---|---|---|---|---|
| Dewey Decimal Classification | Juvenile Fiction | Footprints International School Library Network Toul Kork Campus | Footprints International School Library Network Toul Kork Campus | TK Primary Library Room(4th Floor), Bookcase 1&2, Shelves 1-16, Dark Blue Books | 07/17/2024 | 1 | PRE 813.54 PZ7.P915 | FISTKG3A054 | 03/14/2025 | 12/09/2024 | 07/17/2024 | Books |
